NFL HALL OF FAMERS - WORD SCRAMBLE - Statistics

General Stats
  • This quiz has been taken 44 times
  • The average score is 32 of 64
Answer Stats
Hint Answer % Correct
spap Warren Sapp
86%
rdee Ed Reed
81%
moantna Joe Montana
76%
jonhnos Calvin Johnson
73%
smhit Emmitt Smith
73%
gnezaloz Tony Gonzalez
73%
kidta Mike Ditka
70%
soms Randy Moss
70%
tolt Ronnie Lott
70%
ratsr Bart Starr
68%
veris Darrelle Revis
68%
rbawsdah Terry Bradshaw
68%
crei Jerry Rice
65%
ivinr Michael Irvin
65%
bworn Jim Brown
62%
owsen Terrell Owens
62%
mono Warren Moon
62%
rfeav Brett Favre
59%
soowdon Charles Woodson
59%
kroobs Derrick Brooks
59%
pepespr Julius Peppers
59%
jemas Edgerrin James
57%
keyll Jim Kelly
57%
amntah Joe Namath
57%
aidvs Terrell Davis
57%
aolpumla Troy Polamalu
57%
daswkni Brian Dawkins
54%
wear DeMarcus Ware
54%
latmbre Jack Lambert
54%
suae Junior Seau
54%
wenarr Kurt Warner
54%
stnraah Michael Strahan
54%
yogun Steve Young
54%
sasndre Barry Sanders
51%
betsit Jerome Bettis
51%
alnle Marcus Allen
49%
flkau Marshall Faulk
49%
htwie Reggie White
49%
akniam Troy Aikman
49%
uchlarre Brian Urlacher
46%
anmrti Curtis Martin
46%
fsotu Dan Fouts
43%
yratol Lawrence Taylor
43%
ehrasp Shannon Sharpe
43%
pynaot Walter Payton
41%
nrttakoen Fran Tarkenton
38%
brraeb Ronde Barber
38%
shtaom Thurman Thomas
38%
annmgni Peyton Manning
35%
liswe Ray Lewis
35%
lgtenar Steve Largent
35%
mroani Dan Marino
32%
acllbpme Earl Campbell
32%
sysare Gale Sayers
32%
ortdtse Tony Dorsett
32%
crraet Cris Carter
30%
motlsnion LaDainian Tomlinson
30%
sniryegatl Mike Singletary
30%
aeylw John Elway
27%
sharrnoi Marvin Harrison
27%
ipmnoss OJ Simpson
24%
biayel Champ Bailey
22%
dknrsieco Eric Dickerson
22%
sacubath Roger Staubach
22%
No matching quizzes found
Score Distribution
Percent of People with Each Score
Percentile by Number Answered
Your Score History
You have not taken this quiz